[Event "Toronto"]
[Site "Toronto CAN"]
[Date "1989.??.??"]
[Round "5"]
[White "Hulak, Krunoslav"]
[Black "Day, Lawrence"]
[Result "1-0"]
[WhiteElo "2515"]
[BlackElo "2380"]
[PlyCount "141"]
[GameId "2160767912519742"]
[EventDate "1989.03.??"]
[EventType "tourn"]
[EventRounds "11"]
[EventCountry "CAN"]
[EventCategory "8"]
[SourceTitle "EXT 1997"]
[Source "ChessBase"]
[SourceDate "1996.11.15"]
[SourceVersion "1"]
[SourceVersionDate "1996.11.15"]
[SourceQuality "1"]

1. d4 Nf6 2. c4 d6 3. Nf3 Bf5 4. Nc3 h6 5. g3 c6 6. Bg2 Nbd7 7. O-O e6 8. d5 cxd5 9. cxd5 e5 10. Nd2 Nb6 11. a4 a5 12. e4 Bd7 13. b3 Be7 14. Ba3 O-O 15. Qe2 Ne8 16. Nb5 Ra6 17. Rac1 Na8 18. Rc2 g6 19. Nc4 Kh7 20. f4 exf4 21. gxf4 Nac7 22. Nxc7 Nxc7 23. e5 Ne8 24. Kh1 b5 25. Nd2 Rb6 26. e6 fxe6 27. dxe6 Bc8 28. axb5 Ng7 29. Bb2 d5 30. Nf3 Rxe6 31. Ne5 Bb7 32. Rfc1 Bd6 33. Qd2 Nh5 34. Nc6 Qh4 35. Be5 Nxf4 36. Bxd6 Rxd6 37. Ne5 Re6 38. Rc7+ Re7 39. Nf3 Qf6 40. Qd4 Qd6 41. Rxe7+ Qxe7 42. b6 Ne6 43. Qe5 Qf6 44. Qxf6 Rxf6 45. Ne5 Rf8 46. Nd3 Kg8 47. Ra1 Rf7 48. Rxa5 d4 49. Kg1 Bxg2 50. Kxg2 Rb7 51. Ra8+ Kf7 52. Ra7 Rxa7 53. bxa7 Nc7 54. Kf3 Ke6 55. Ke4 Kd6 56. Ne5 g5 57. b4 h5 58. Nf7+ Kc6 59. Nxg5 Kb7 60. Kxd4 Kxa7 61. Kc5 Na6+ 62. Kb5 Kb7 63. Ne6 Nb8 64. Nc5+ Kc8 65. Kb6 h4 66. b5 h3 67. Ka7 Kc7 68. Na6+ Nxa6 69. Kxa6 Kb8 70. Kb6 Ka8 71. Kc7 1-0

[Event "Toronto"]
[Site "Toronto CAN"]
[Date "1989.??.??"]
[Round "6"]
[White "Day, Lawrence"]
[Black "Findlay, Ian"]
[Result "1/2-1/2"]
[WhiteElo "2380"]
[BlackElo "2340"]
[PlyCount "121"]
[GameId "2160767912519745"]
[EventDate "1989.03.??"]
[EventType "tourn"]
[EventRounds "11"]
[EventCountry "CAN"]
[EventCategory "8"]
[SourceTitle "EXT 1997"]
[Source "ChessBase"]
[SourceDate "1996.11.15"]
[SourceVersion "1"]
[SourceVersionDate "1996.11.15"]
[SourceQuality "1"]

1. d4 Nf6 2. c4 e6 3. Nc3 d5 4. Bg5 Be7 5. e3 O-O 6. cxd5 exd5 7. Bd3 Nbd7 8. Nge2 Re8 9. Qc2 c6 10. h3 Nf8 11. O-O-O a5 12. Kb1 b5 13. g4 a4 14. Ng3 Qa5 15. Nce2 Bd7 16. Bf4 b4 17. Qd2 Ne6 18. Nf5 Bf8 19. Be5 Ne4 20. Bxe4 dxe4 21. Nd6 Ng5 22. Nxe8 Rxe8 23. Qc2 b3 24. Qc1 bxa2+ 25. Ka1 Nf3 26. Bg3 Bb4 27. Qc2 Nd2 28. Rxd2 Bxd2 29. Bd6 Bb4 30. Bxb4 Qxb4 31. Nc3 a3 32. b3 f5 33. gxf5 Bxf5 34. Na4 Be6 35. Nc5 Bd5 36. Kxa2 Rf8 37. h4 h6 38. Rd1 Qb8 39. f4 Qc8 40. Qg2 Rf7 41. Rg1 Qd8 42. Qg3 Qa5 43. Qe1 Qb5 44. Rg2 Qb8 45. Qc3 Qc8 46. Rh2 Qg4 47. Qc2 Qg1 48. Re2 Qh1 49. Qb1 Qf3 50. Qe1 Rf6 51. Nd7 Rf5 52. Rh2 Qh5 53. Kxa3 Bxb3 54. Kxb3 Qf7+ 55. Kc3 Qxd7 56. Qb1 Qe7 57. Rb2 Ra5 58. Kd2 c5 59. Rb8+ Kh7 60. Qb3 cxd4 61. exd4 1/2-1/2

[Event "Toronto"]
[Site "Toronto CAN"]
[Date "1989.??.??"]
[Round "9"]
[White "Kovacevic, Vlatko"]
[Black "Day, Lawrence"]
[Result "1-0"]
[WhiteElo "2545"]
[BlackElo "2380"]
[PlyCount "159"]
[GameId "2160767912519752"]
[EventDate "1989.03.??"]
[EventType "tourn"]
[EventRounds "11"]
[EventCountry "CAN"]
[EventCategory "8"]
[SourceTitle "EXT 1997"]
[Source "ChessBase"]
[SourceDate "1996.11.15"]
[SourceVersion "1"]
[SourceVersionDate "1996.11.15"]
[SourceQuality "1"]

1. d4 Nc6 2. Bg5 f6 3. Bh4 Nh6 4. e4 d5 5. Nc3 dxe4 6. d5 Ne5 7. Bg3 Bf5 8. Bxe5 fxe5 9. Bb5+ Kf7 10. Nh3 Kg8 11. Ng5 e6 12. Nxe6 Qh4 13. g3 Qf6 14. a3 Nf7 15. Bc4 Nd6 16. Bb3 h5 17. Qe2 Bg4 18. Nxe4 Qf3 19. Qxf3 Bxf3 20. Nxd6 Bxd6 21. O-O h4 22. c4 b6 23. Rae1 Bg4 24. Re4 Bf5 25. Rxh4 Rxh4 26. gxh4 Kf7 27. f4 exf4 28. Nxf4 Ke7 29. h5 Kf6 30. Ne6 Ke5 31. Re1+ Kf6 32. Kg2 Rh8 33. Bd1 g6 34. Nd4 Bd3 35. Be2 Be4+ 36. Bf3 Bd3 37. Re6+ Kg5 38. Be2 Bb1 39. Nf3+ Kf4 40. hxg6 Rg8 41. b4 Bf5 42. Nd4 Bxe6 43. Nxe6+ Ke3 44. Bh5 Be5 45. g7 Bxg7 46. Bf7 Rf8 47. Nxf8 Bxf8 48. h4 a5 49. bxa5 bxa5 50. a4 Kd4 51. Kf3 Ke5 52. Kg4 Kf6 53. Be8 Bh6 54. h5 Ke5 55. Bc6 Kf6 56. Bb7 Be3 57. Kf3 Bc5 58. Ke4 Kg5 59. Ke5 Kxh5 60. Ke6 Kg5 61. Kd7 Bd6 62. c5 Bxc5 63. Kxc7 Bd4 64. d6 Be5 65. Kc6 Kf6 66. Bc8 Kf7 67. Bg4 Bf4 68. d7 Ke7 69. Kb6 Kd8 70. Kxa5 Kc7 71. Kb5 Be3 72. a5 Bf2 73. Kc4 Be1 74. a6 Bh4 75. Kd4 Bf2+ 76. Kd5 Bh4 77. Bf3 Kb6 78. Be2 Kc7 79. Bf1 Kb8 80. Ke6 1-0

[Event "Toronto"]
[Site "Toronto CAN"]
[Date "1989.??.??"]
[Round "10"]
[White "Day, Lawrence"]
[Black "Stone, Raymond"]
[Result "1/2-1/2"]
[WhiteElo "2380"]
[BlackElo "2345"]
[PlyCount "123"]
[GameId "2160767912519754"]
[EventDate "1989.03.??"]
[EventType "tourn"]
[EventRounds "11"]
[EventCountry "CAN"]
[EventCategory "8"]
[SourceTitle "EXT 1997"]
[Source "ChessBase"]
[SourceDate "1996.11.15"]
[SourceVersion "1"]
[SourceVersionDate "1996.11.15"]
[SourceQuality "1"]

1. d4 Nf6 2. Nf3 e6 3. a3 d5 4. Bg5 c5 5. e3 Nbd7 6. Nbd2 Qb6 7. Rb1 Be7 8. c3 Qc7 9. Bd3 b6 10. O-O Bb7 11. Qc2 h6 12. Bf4 Bd6 13. Bxd6 Qxd6 14. b4 Bc6 15. dxc5 bxc5 16. Rfd1 a5 17. b5 Bb7 18. c4 O-O 19. a4 Rfe8 20. Nb3 Qb6 21. Rbc1 Rec8 22. Qb2 Qc7 23. Qa3 e5 24. Nfd2 d4 25. Bf5 g6 26. Bh3 h5 27. exd4 exd4 28. f3 Re8 29. Re1 Re3 30. Nf1 Rd3 31. Re7 Qd6 32. Rxd7 Nxd7 33. Bxd7 Qxd7 34. Nxc5 Rxa3 35. Nxd7 Rc3 36. Rd1 Rxc4 37. Nb6 Rb4 38. Nxa8 Bxa8 39. Ra1 Bd5 40. Nd2 Rb2 41. Ne4 Bxe4 42. fxe4 Kf8 43. Rd1 Rb4 44. Kf2 Ke7 45. Ra1 Ke6 46. Ke2 Ke5 47. Kd3 h4 48. Ra2 f6 49. Ra1 g5 50. h3 Rb3+ 51. Kc2 Rg3 52. Rb1 Rxg2+ 53. Kd3 Rg3+ 54. Kd2 Rc3 55. b6 Rc8 56. Rb5+ Kd6 57. Rxa5 Kc6 58. Rf5 Kxb6 59. Rxf6+ Kc5 60. Rf5+ Kc4 61. Rxg5 Rb8 62. Rb5 1/2-1/2

[Event "Toronto"]
[Site "Toronto CAN"]
[Date "1989.??.??"]
[Round "11"]
[White "Bailey, Doug"]
[Black "Day, Lawrence"]
[Result "1/2-1/2"]
[WhiteElo "2355"]
[BlackElo "2380"]
[PlyCount "57"]
[GameId "2160767912519757"]
[EventDate "1989.03.??"]
[EventType "tourn"]
[EventRounds "11"]
[EventCountry "CAN"]
[EventCategory "8"]
[SourceTitle "EXT 1997"]
[Source "ChessBase"]
[SourceDate "1996.11.15"]
[SourceVersion "1"]
[SourceVersionDate "1996.11.15"]
[SourceQuality "1"]

1. e4 e6 2. d4 a6 3. Nf3 b6 4. Bd3 Bb7 5. O-O d6 6. Qe2 Nd7 7. a4 Be7 8. Nbd2 Ngf6 9. Nc4 Nxe4 10. Bxe4 d5 11. Bd3 dxc4 12. Bxc4 O-O 13. Bf4 Nf6 14. Rad1 Nd5 15. Bg3 Bd6 16. Ne5 Qe8 17. Rfe1 Kh8 18. Ra1 f5 19. f3 f4 20. Bf2 Qh5 21. Bd3 Ne3 22. Bxe3 fxe3 23. Qxe3 c5 24. c3 cxd4 25. cxd4 Bb4 26. Red1 Be7 27. Be4 Bg5 28. Qe1 Bxe4 29. Qxe4 1/2-1/2

[Event "Toronto"]
[Site "Toronto CAN"]
[Date "1989.??.??"]
[Round "11"]
[White "Findlay, Ian"]
[Black "Vranesic, Zvonko"]
[Result "1/2-1/2"]
[WhiteElo "2340"]
[BlackElo "2365"]
[PlyCount "71"]
[GameId "2160767912519758"]
[EventDate "1989.03.??"]
[EventType "tourn"]
[EventRounds "11"]
[EventCountry "CAN"]
[EventCategory "8"]
[SourceTitle "EXT 1997"]
[Source "ChessBase"]
[SourceDate "1996.11.15"]
[SourceVersion "1"]
[SourceVersionDate "1996.11.15"]
[SourceQuality "1"]

1. e4 c6 2. d4 d5 3. exd5 cxd5 4. c4 Nf6 5. Nc3 e6 6. Nf3 Be7 7. cxd5 Nxd5 8. Bc4 Nxc3 9. bxc3 Nd7 10. O-O O-O 11. Qe2 Qc7 12. Bb2 b6 13. Rfe1 Nf6 14. Ne5 Bb7 15. Bd3 Rac8 16. Rac1 Nd5 17. Qg4 f5 18. Qg3 Bd6 19. c4 Nb4 20. Bb1 Nc6 21. f4 Bxe5 22. fxe5 Na5 23. Bd3 Qd7 24. d5 Ba6 25. Qf4 b5 26. cxb5 Bxb5 27. Bxb5 Qxb5 28. Ba3 Rfd8 29. dxe6 Qb6+ 30. Kh1 Qxe6 31. Bd6 Rxc1 32. Rxc1 Rc8 33. Rf1 Nc4 34. h3 Rd8 35. Qg5 Rd7 36. Qxf5 1/2-1/2

[Event "Toronto"]
[Site "Toronto CAN"]
[Date "1989.01.??"]
[Round "?"]
[White "Findlay, Ian"]
[Black "Taylor, Gordon"]
[Result "1-0"]
[WhiteElo "2431"]
[BlackElo "2406"]
[PlyCount "51"]
[GameId "2160767912519860"]
[EventDate "1989.01.??"]
[EventType "tourn"]
[EventRounds "11"]
[EventCountry "CAN"]
[SourceTitle "EXT 2022"]
[Source "ChessBase"]
[SourceDate "2021.10.06"]
[SourceVersion "1"]
[SourceVersionDate "2021.10.06"]
[SourceQuality "1"]

1. e4 c6 2. d4 d5 3. exd5 cxd5 4. c4 Nf6 5. Nc3 e6 6. Nf3 Be7 7. cxd5 Nxd5 8. Bc4 Nc6 9. O-O O-O 10. Re1 Nxc3 11. bxc3 b6 12. Bd3 Bb7 13. h4 Bf6 14. Ng5 g6 15. Qg4 h5 16. Qg3 Ne7 17. Ba3 Rc8 18. Nxe6 fxe6 19. Rxe6 Rc7 20. Rae1 Rf7 21. Bxg6 Kf8 22. Bxh5 Bd5 23. Qg6 Rg7 24. Qxf6+ Kg8 25. Bxe7 Rcxe7 26. Rxe7 1-0

[Event "Toronto"]
[Site "Toronto CAN"]
[Date "1989.02.05"]
[Round "1"]
[White "Moffat, Andrei"]
[Black "Pacey, Kevin"]
[Result "0-1"]
[WhiteElo "2205"]
[BlackElo "2286"]
[PlyCount "38"]
[GameId "2160767912519861"]
[EventDate "1989.01.??"]
[EventType "tourn"]
[EventRounds "11"]
[EventCountry "CAN"]
[SourceTitle "EXT 2022"]
[Source "ChessBase"]
[SourceDate "2021.10.06"]
[SourceVersion "1"]
[SourceVersionDate "2021.10.06"]
[SourceQuality "1"]

1. e3 g6 2. Nf3 Bg7 3. d4 d6 4. c4 Nd7 5. Be2 e5 6. Qc2 Ngf6 7. O-O O-O 8. Nc3 Re8 9. dxe5 Nxe5 10. Rd1 Nfd7 11. Nd5 Nc5 12. Nd4 Nc6 13. Nb5 Bf5 14. Qd2 Rc8 15. f3 a6 16. Nbc3 Be6 17. e4 Nd4 18. Bf1 c6 19. Nb4 Qb6 0-1

[Event "Toronto"]
[Site "Toronto CAN"]
[Date "1989.02.08"]
[Round "2"]
[White "Pacey, Kevin"]
[Black "Chen, H."]
[Result "1-0"]
[WhiteElo "2286"]
[BlackElo "2125"]
[PlyCount "78"]
[GameId "2160767912519862"]
[EventDate "1989.01.??"]
[EventType "tourn"]
[EventRounds "11"]
[EventCountry "CAN"]
[SourceTitle "EXT 2022"]
[Source "ChessBase"]
[SourceDate "2021.10.06"]
[SourceVersion "1"]
[SourceVersionDate "2021.10.06"]
[SourceQuality "1"]

1. d4 Nf6 2. c4 e6 3. Nc3 c5 4. d5 exd5 5. cxd5 d6 6. e4 Na6 7. f4 Nc7 8. Bc4 Qe7 9. Qe2 g6 10. e5 Nh5 11. Nf3 Bg4 12. exd6 Qxe2+ 13. Bxe2 Bxd6 14. Nb5 Nxb5 15. Bxb5+ Bd7 16. Bxd7+ Kxd7 17. Ne5+ Bxe5 18. fxe5 Rhe8 19. O-O Rxe5 20. g4 Ng7 21. Bh6 Ne8 22. Rxf7+ Re7 23. Rxe7+ Kxe7 24. Re1+ Kd6 25. Bg5 Kxd5 26. Re7 Nd6 27. Rxh7 b5 28. Rd7 Ke5 29. Rg7 a5 30. Rxg6 a4 31. h4 b4 32. h5 Ne4 33. h6 Rh8 34. Be3 c4 35. Ra6 c3 36. Rxa4 c2 37. Rxb4 Rc8 38. Bc1 Nf6 39. g5 Nh7 1-0

[Event "Toronto"]
[Site "Toronto CAN"]
[Date "1989.02.24"]
[Round "3"]
[White "Fiedler, Brian"]
[Black "Pacey, Kevin"]
[Result "1/2-1/2"]
[WhiteElo "2300"]
[BlackElo "2286"]
[PlyCount "21"]
[GameId "2160767912519863"]
[EventDate "1989.01.??"]
[EventType "tourn"]
[EventRounds "11"]
[EventCountry "CAN"]
[SourceTitle "EXT 2022"]
[Source "ChessBase"]
[SourceDate "2021.10.06"]
[SourceVersion "1"]
[SourceVersionDate "2021.10.06"]
[SourceQuality "1"]

1. d4 Nc6 2. d5 Ne5 3. e4 e6 4. Nf3 Nxf3+ 5. Qxf3 Qf6 6. Be2 Bb4+ 7. c3 Qxf3 8. Bxf3 Bc5 9. Nd2 Nf6 10. Nc4 a6 11. b4 1/2-1/2

[Event "Toronto"]
[Site "Toronto CAN"]
[Date "1989.02.15"]
[Round "4"]
[White "Pacey, Kevin"]
[Black "Taylor, Gordon"]
[Result "0-1"]
[WhiteElo "2286"]
[BlackElo "2406"]
[PlyCount "70"]
[GameId "2160767912519864"]
[EventDate "1989.01.??"]
[EventType "tourn"]
[EventRounds "11"]
[EventCountry "CAN"]
[SourceTitle "EXT 2022"]
[Source "ChessBase"]
[SourceDate "2021.10.06"]
[SourceVersion "1"]
[SourceVersionDate "2021.10.06"]
[SourceQuality "1"]

1. e4 c6 2. f4 d5 3. e5 h5 4. Be2 g6 5. Nf3 Bg4 6. c3 e6 7. d3 Nh6 8. Qb3 Qc7 9. Be3 Nf5 10. Bf2 Bh6 11. g3 Bxf3 12. Bxf3 g5 13. fxg5 Bxg5 14. d4 c5 15. O-O Nc6 16. Na3 a6 17. c4 Nfxd4 18. Bxd4 Nxd4 19. Qa4+ Qc6 20. Qd1 Be3+ 21. Kh1 h4 22. gxh4 Rxh4 23. Nc2 Nxc2 24. Qxc2 O-O-O 25. Rae1 Bf4 26. Re2 Rdh8 27. Rff2 Kb8 28. Qd1 Qc7 29. cxd5 Bxe5 30. Qc2 Bd4 31. Rf1 Be5 32. Rff2 Bg3 33. Rg2 Qf4 34. Be4 Rxh2+ 35. Rxh2 Qf1# 0-1

[Event "Toronto"]
[Site "Toronto CAN"]
[Date "1989.02.26"]
[Round "5"]
[White "Husain, Imtiaz"]
[Black "Pacey, Kevin"]
[Result "1-0"]
[WhiteElo "2156"]
[BlackElo "2286"]
[PlyCount "82"]
[GameId "2160767912519865"]
[EventDate "1989.01.??"]
[EventType "tourn"]
[EventRounds "11"]
[EventCountry "CAN"]
[SourceTitle "EXT 2022"]
[Source "ChessBase"]
[SourceDate "2021.10.06"]
[SourceVersion "1"]
[SourceVersionDate "2021.10.06"]
[SourceQuality "1"]

1. Nf3 d5 2. c4 c6 3. b3 Bf5 4. Bb2 e6 5. g3 Nf6 6. Bg2 Nbd7 7. O-O Bd6 8. d3 Qe7 9. Nc3 a6 10. Qe1 e5 11. Nh4 Be6 12. e4 d4 13. Ne2 Ba3 14. Rb1 O-O 15. h3 Bxb2 16. Rxb2 Nc5 17. Rd2 g5 18. Nf5 Bxf5 19. exf5 Qd7 20. g4 h5 21. Ng3 Rae8 22. gxh5 Kg7 23. Qd1 a5 24. Re2 Rh8 25. Rfe1 Qc7 26. Qd2 Nh7 27. f6+ Kxf6 28. Be4 Nxe4 29. Rxe4 Qd7 30. Qxa5 b6 31. Qxb6 Re6 32. Rg4 Re7 33. Qc5 Rhe8 34. Ne4+ Kg7 35. Nxg5 Nxg5 36. Rxg5+ Kf6 37. Rg3 Qc7 38. f4 Rh8 39. fxe5+ Rxe5 40. Rf3+ Ke6 41. Rxe5+ Qxe5 1-0

[Event "Toronto"]
[Site "Toronto CAN"]
[Date "1989.03.01"]
[Round "6"]
[White "Fuster, Geza"]
[Black "Pacey, Kevin"]
[Result "1-0"]
[WhiteElo "2204"]
[BlackElo "2286"]
[PlyCount "81"]
[GameId "2160767912519866"]
[EventDate "1989.01.??"]
[EventType "tourn"]
[EventRounds "11"]
[EventCountry "CAN"]
[SourceTitle "EXT 2022"]
[Source "ChessBase"]
[SourceDate "2021.10.06"]
[SourceVersion "1"]
[SourceVersionDate "2021.10.06"]
[SourceQuality "1"]

1. Nf3 g6 2. c4 Bg7 3. Nc3 d6 4. g3 Nc6 5. d4 h5 6. d5 Ne5 7. Nxe5 Bxe5 8. Bg5 c5 9. e4 Bd7 10. Bd3 Bh3 11. f3 Qb6 12. Qd2 O-O-O 13. O-O-O Qa5 14. Rhg1 Bd4 15. Be3 e5 16. dxe6 fxe6 17. Kb1 Ne7 18. Bxd4 cxd4 19. Nd5 Qxd2 20. Nxe7+ Kd7 21. Rxd2 Kxe7 22. Bf1 Bxf1 23. Rxf1 e5 24. f4 Rdf8 25. Rdf2 Ke6 26. Kc2 Rf7 27. Kd3 Rhf8 28. b4 b6 29. h3 h4 30. gxh4 exf4 31. Kxd4 f3 32. Ke3 Ke5 33. Rg1 Rc8 34. Rg5+ Ke6 35. Rxg6+ Ke5 36. Rg5+ Ke6 37. Rxf3 Rxf3+ 38. Kxf3 Rxc4 39. h5 Kf6 40. Rd5 Rxb4 41. h6 1-0

[Event "Toronto"]
[Site "Toronto CAN"]
[Date "1989.03.05"]
[Round "7"]
[White "Pacey, Kevin"]
[Black "Klarner, William"]
[Result "1-0"]
[WhiteElo "2286"]
[BlackElo "2202"]
[PlyCount "91"]
[GameId "2160767912519867"]
[EventDate "1989.01.??"]
[EventType "tourn"]
[EventRounds "11"]
[EventCountry "CAN"]
[SourceTitle "EXT 2022"]
[Source "ChessBase"]
[SourceDate "2021.10.06"]
[SourceVersion "1"]
[SourceVersionDate "2021.10.06"]
[SourceQuality "1"]

1. d4 Nf6 2. c4 e6 3. Nf3 b6 4. g3 Ba6 5. b3 Bb4+ 6. Bd2 Be7 7. Nc3 d5 8. cxd5 exd5 9. Bg2 O-O 10. O-O c5 11. Bg5 Re8 12. Rc1 Nc6 13. Re1 h6 14. Bxf6 Bxf6 15. dxc5 d4 16. Nb1 bxc5 17. Rxc5 Nb4 18. a3 Na2 19. Nxd4 Bxd4 20. Rd5 Bxf2+ 21. Kxf2 Qf6+ 22. Kg1 Qb6+ 23. Qd4 Rad8 24. Qxb6 axb6 25. Kf2 Rxd5 26. Bxd5 Rc8 27. Rd1 Nc3 28. Nxc3 Rxc3 29. Rd4 g5 30. Ra4 Bb5 31. Rb4 Bc6 32. Rc4 Rxc4 33. bxc4 Ba4 34. Ke3 Kg7 35. Kd4 f5 36. Ke5 Kg6 37. Be6 Bc2 38. Bd7 h5 39. Be8+ Kh6 40. e3 Be4 41. Kf6 Bd3 42. Bf7 h4 43. Be6 hxg3 44. hxg3 Kh5 45. Bxf5 Bxc4 46. e4 1-0

[Event "Toronto"]
[Site "Toronto CAN"]
[Date "1989.03.12"]
[Round "8"]
[White "Findlay, Ian"]
[Black "Pacey, Kevin"]
[Result "0-1"]
[WhiteElo "2431"]
[BlackElo "2286"]
[PlyCount "74"]
[GameId "2160767912519868"]
[EventDate "1989.01.??"]
[EventType "tourn"]
[EventRounds "11"]
[EventCountry "CAN"]
[SourceTitle "EXT 2022"]
[Source "ChessBase"]
[SourceDate "2021.10.06"]
[SourceVersion "1"]
[SourceVersionDate "2021.10.06"]
[SourceQuality "1"]

1. e4 Nc6 2. d4 e5 3. d5 Nce7 4. Bd3 Ng6 5. Be3 Nf6 6. c4 d6 7. f3 Be7 8. Ne2 Nh5 9. Qd2 h6 10. g4 Bh4+ 11. Kd1 Nhf4 12. Nxf4 exf4 13. Bd4 Bf6 14. Bf2 h5 15. gxh5 Rxh5 16. Nc3 Ne5 17. Be2 Rh3 18. Kc2 Nxf3 19. Bxf3 Rxf3 20. h4 c5 21. Be1 Qe7 22. Qg2 Re3 23. Bd2 Rg3 24. Qf2 Bxh4 25. Qxf4 g5 26. Qf1 Bd7 27. e5 dxe5 28. Ne4 O-O-O 29. d6 Qe6 30. Nxg3 Bxg3 31. Bxg5 Qg6+ 32. Kb3 Qxg5 33. Rd1 e4 34. Qe2 Bxd6 35. Qxe4 Bc6 36. Rhg1 Qxg1 37. Qg4+ Qxg4 0-1

[Event "Toronto"]
[Site "Toronto CAN"]
[Date "1989.03.19"]
[Round "9"]
[White "Pacey, Kevin"]
[Black "Okolotowicz, Zbigniew"]
[Result "1-0"]
[WhiteElo "2286"]
[BlackElo "2212"]
[PlyCount "77"]
[GameId "2160767912519869"]
[EventDate "1989.01.??"]
[EventType "tourn"]
[EventRounds "11"]
[EventCountry "CAN"]
[SourceTitle "EXT 2022"]
[Source "ChessBase"]
[SourceDate "2021.10.06"]
[SourceVersion "1"]
[SourceVersionDate "2021.10.06"]
[SourceQuality "1"]

1. e4 d6 2. d4 Nf6 3. Nc3 g6 4. f4 Bg7 5. Nf3 c6 6. Bd3 Na6 7. O-O O-O 8. Kh1 Nb4 9. Be2 Qb6 10. Be3 d5 11. e5 Ne4 12. Nxe4 dxe4 13. Ng5 Na6 14. Rb1 f5 15. exf6 exf6 16. Bc4+ Kh8 17. Nf7+ Kg8 18. Nd6+ Kh8 19. Nf7+ Rxf7 20. Bxf7 Qc7 21. Bc4 b5 22. Be2 Nb4 23. Qd2 Nd5 24. c3 Be6 25. b3 Rd8 26. c4 Nxe3 27. Qxe3 f5 28. Rfd1 Qb6 29. c5 Qb8 30. a4 a6 31. axb5 axb5 32. Ra1 Rd7 33. Ra6 Qb7 34. Rb6 Qc7 35. Bxb5 cxb5 36. Rxe6 Kg8 37. b4 Qd8 38. Qb3 Kf8 39. d5 1-0

[Event "Toronto"]
[Site "Toronto CAN"]
[Date "1989.04.02"]
[Round "10"]
[White "Southam, Todd"]
[Black "Pacey, Kevin"]
[Result "0-1"]
[WhiteElo "2301"]
[BlackElo "2286"]
[PlyCount "65"]
[GameId "2160767912519870"]
[EventDate "1989.01.??"]
[EventType "tourn"]
[EventRounds "11"]
[EventCountry "CAN"]
[SourceTitle "EXT 2022"]
[Source "ChessBase"]
[SourceDate "2021.10.06"]
[SourceVersion "1"]
[SourceVersionDate "2021.10.06"]
[SourceQuality "1"]

1. d4 e6 2. c4 f5 3. Nf3 Nf6 4. g3 Bb4+ 5. Nbd2 O-O 6. Bg2 a5 7. O-O b6 8. a3 Be7 9. Ne5 Ra7 10. b3 Bb7 11. Bxb7 Rxb7 12. Bb2 Qe8 13. Re1 Ne4 14. Qc2 d6 15. Nd3 Bg5 16. Nxe4 fxe4 17. Nf4 Bxf4 18. Qxe4 d5 19. cxd5 Bd6 20. dxe6 c6 21. d5 Bc5 22. e3 Re7 23. b4 axb4 24. axb4 cxd5 25. Qxd5 Bxb4 26. Red1 Qc6 27. Qb3 Bc5 28. Ra7 b5 29. Rxe7 Bxe7 30. Rc1 Qf3 31. Rc2 b4 32. Rd2 Nc6 33. Rd7 0-1

[Event "Toronto"]
[Site "Toronto CAN"]
[Date "1989.03.20"]
[Round "11"]
[White "Pacey, Kevin"]
[Black "Coakley, Jeff"]
[Result "1/2-1/2"]
[WhiteElo "2286"]
[BlackElo "2311"]
[PlyCount "163"]
[GameId "2160767912519871"]
[EventDate "1989.01.??"]
[EventType "tourn"]
[EventRounds "11"]
[EventCountry "CAN"]
[SourceTitle "EXT 2022"]
[Source "ChessBase"]
[SourceDate "2021.10.06"]
[SourceVersion "1"]
[SourceVersionDate "2021.10.06"]
[SourceQuality "1"]

1. e4 c6 2. Nc3 d5 3. Qf3 dxe4 4. Nxe4 Nd7 5. d4 Ndf6 6. Bd3 Nxe4 7. Qxe4 Nf6 8. Qe5 Qd5 9. Nf3 Bg4 10. Qxd5 Nxd5 11. Ne5 Be6 12. Bd2 Nb6 13. a4 g6 14. a5 Nd7 15. Bf4 Nxe5 16. Bxe5 f6 17. Bf4 Bf5 18. a6 b6 19. Bxf5 gxf5 20. O-O-O e6 21. Rhe1 Kd7 22. Re3 Bd6 23. Bxd6 Kxd6 24. f4 Rhg8 25. Rd2 Rae8 26. c4 Kd7 27. Rh3 Re7 28. d5 cxd5 29. cxd5 e5 30. Rh5 exf4 31. Rxf5 Re1+ 32. Kc2 Ra1 33. Rxf6 Rg7 34. Rxf4 Rxa6 35. Rf6 Ra4 36. Rdf2 Re4 37. Kd3 Reg4 38. g3 h5 39. Rh6 h4 40. gxh4 Rb4 41. Kc3 Rb5 42. Rf5 Rc5+ 43. Kd3 Rb5 44. Kc3 Rc5+ 45. Kb3 Rb5+ 46. Ka3 Ra5+ 47. Kb3 Rb5+ 48. Ka3 Ra5+ 49. Kb4 Rg4+ 50. Kb3 Rb5+ 51. Kc3 Rc5+ 52. Kb3 Rb5+ 53. Kc3 Rc5+ 54. Kd3 Rg7 55. h5 Rb5 56. Kc3 Rc5+ 57. Kb3 Rb5+ 58. Kc3 Rc5+ 59. Kb3 Rb5+ 60. Ka3 Ra5+ 61. Kb4 Rg4+ 62. Kb3 Re4 63. Rf7+ Re7 64. Rxe7+ Kxe7 65. Kc4 Ra2 66. Re6+ Kd7 67. Re2 Ra4+ 68. b4 Ra3 69. h6 Rh3 70. Ra2 Rh4+ 71. Kb5 a5 72. bxa5 bxa5 73. Kc5 Rxh6 74. Rxa5 Rxh2 75. Ra7+ Kd8 76. Kc6 Rd2 77. Kd6 Kc8 78. Rc7+ Kd8 79. Rf7 Kc8 80. Rh7 Rd1 81. Rh8+ Kb7 82. Rh4 1/2-1/2

[Event "Toronto Class ch"]
[Site "Toronto CAN"]
[Date "1989.01.??"]
[Round "?"]
[White "Ellis, Steve"]
[Black "Bergeron, Florian"]
[Result "1-0"]
[WhiteElo "2047"]
[BlackElo "1972"]
[PlyCount "47"]
[GameId "2160767912519797"]
[EventDate "1989.01.27"]
[EventType "swiss"]
[EventRounds "5"]
[EventCountry "CAN"]
[SourceTitle "CFC 1989.04"]

1. e4 Nf6 2. e5 Nd5 3. Nc3 e6 4. d4 Bb4 5. Bd2 Nc6 6. Nf3 O-O 7. Bd3 Nxc3 8. bxc3 Be7 9. h4 f5 10. exf6 Bxf6 11. Bxh7+ Kxh7 12. Ng5+ Bxg5 13. hxg5+ Kg8 14. g6 Rf5 15. g4 Rd5 16. Qf3 Qf6 17. Qxf6 gxf6 18. Rh7 e5 19. O-O-O exd4 20. Bh6 Ne5 21. Rg7+ Kf8 22. Rf7+ Ke8 23. Rf8+ Ke7 24. g7 1-0

[Event "Toronto Class ch"]
[Site "Toronto CAN"]
[Date "1989.01.27"]
[Round "1"]
[White "Pacey, Kevin"]
[Black "Thomson, Phillip"]
[Result "1-0"]
[WhiteElo "2303"]
[BlackElo "1950"]
[PlyCount "65"]
[GameId "2160767912519798"]
[EventDate "1989.01.27"]
[EventType "swiss"]
[EventRounds "5"]
[EventCountry "CAN"]

1. d4 e6 2. e4 d5 3. Nc3 Nf6 4. Bg5 Be7 5. e5 Nfd7 6. h4 a6 7. Qg4 Kf8 8. Nf3 c5 9. dxc5 Nc6 10. Qh5 Nxc5 11. O-O-O Bd7 12. Bd3 Nxd3+ 13. Rxd3 b5 14. Rhd1 Qa5 15. Bxe7+ Nxe7 16. Ng5 Be8 17. Rf3 Nf5 18. Nxd5 h6 19. Ra3 Qd8 20. Nf6 Qe7 21. Nxe8 Qxe8 22. Ne4 Rc8 23. Rxa6 Rxc2+ 24. Kxc2 Qc8+ 25. Nc3 Qxa6 26. Rd8+ Ke7 27. Rxh8 b4 28. Ne2 Qc4+ 29. Kd2 Nd4 30. Nxd4 Qxd4+ 31. Ke1 Qe4+ 32. Qe2 Qxg2 33. Qe3 1-0